| 000 | 03087nab a2200301 i 4500 | ||
|---|---|---|---|
| 003 | BR-BrBNA | ||
| 005 | 20250714155940.0 | ||
| 008 | 250714b2021 bl.tr|pooa||| 00| 0 por | | ||
| 040 |
_aBR-BrBNA _bpor |
||
| 072 | _aF40 | ||
| 072 | _aF62 | ||
| 100 | _aCrosa, Claudia Farela Ribeiro | ||
| 100 | _aMarco, Rudinei De | ||
| 100 | _aSouza, Rafaela Schmidt de | ||
| 100 | _aMartins, Carlos Roberto | ||
| 245 | _aDormência vegetativa da nogueira-pecã – Uma revisão | ||
| 500 | _a Publicação online; 35 ref.; Summaries (En, Pt) | ||
| 520 | _a Resumo – A nogueira-pecã é uma frutífera que necessita de baixas temperaturas no período hibernal para que possa induzir e superar a dormência, restabelecendo assim um novo ciclo de desenvolvimento produtivo. Através desta revisão, o produtor poderá ter informações confiáveis da exigência climática da cultura, a fim de respaldar sua tomada de decisão sobre práticas de gestão que reduzam os danos causados por esses fenômenos e sirvam para otimizar o sistema de produção, melhorando seus lucros. Em vista disso, torna-se propício adaptar informações sobre a cultura com foco na exigência em frio hibernal necessária para a superação da dormência dos cultivares de nogueira-pecã. Pôde-se constatar a divergência entre os autores em relação à necessidade de frio para a nogueira-pecã, bem como a necessidade de mais trabalhos no que se refere aos produtos utilizados para induzir a brotação na nogueira-pecã. Termos para indexação: Pecan; Carya illinoinensis; Dormência; Horas de frio; Requerimento de fri | ||
| 520 | _a Abstract – Pecan is a fruit tree that needs low temperatures in the winter, so that it can induce and overcome dormancy, reestablishing a new cycle of productive development. Through this review, the producer will be able to have reliable information on the climatic requirement of the crop, in order to support his decision making on management practices that reduce the damage caused by these phenomena and serve to optimize the production system, improving his profits. In view of this, it becomes propitious to adapt information about the crop with a focus on the requirement for winter cold necessary to overcome the dormancy of pecan cultivars. It was possible to verify the divergence between the authors in relation to the need for cold for pecan and the need for more work about the products used to induce sprouting in pecan. Index terms:Pecan; Carya illinoinensis; Dormancy; Cold hours; Cold requirement. | ||
| 650 | _aNOZ-PECÃ | ||
| 650 | _aCONDIÇÃO AMBIENTAL | ||
| 650 | _aTEMPERATURA | ||
| 650 | _aDORMÊNCIA | ||
| 773 | 0 |
_01813 _9317204 _dFlorianópolis-SC Empresa de Pesquisa Agropecuária e Extensão Rural de Santa Catarina 1988- _o2024-3828 _tAgropecuária Catarinense (Brazil) _x0103-0779 _gv. 34(2) p. 78-82; (2021) _wBR2025003989 |
|
| 856 | _uhttps://publicacoes.epagri.sc.gov.br/rac/article/view/1139/1135 | ||
| 942 | _cANA | ||
| 999 |
_c333057 _d333057 |
||